|
|
|
|
| LEADER |
01776nam a22002777a 4500 |
| 001 |
39752 |
| 003 |
BD-DhAAL |
| 008 |
221017t2022 bg a|||| |||| 00| 0 ben d |
| 020 |
|
|
|a 9789843520944
|
| 040 |
|
|
|a BD-DhAAL
|c BD-DhAAL
|
| 041 |
|
|
|a ben
|
| 082 |
|
|
|a 954.9205092
|2 23
|
| 245 |
|
|
|a মুজিব চিরন্তন :
|b ঐতিহাসিক দশ দিন.
|n ১৭ই মার্চ ২০২১ - ২৬শে মার্চ ২০২১ /
|c প্রধান সম্পাদক, শেখ হাসিনা ; সম্পাদনা উপদেষ্টা রফিকুল ইসলাম ; সম্পাদক, কামাল আবদুল নাসের চৌধুরী.
|
| 260 |
|
|
|a ঢাকা :
|b জাতির পিতা বঙ্গবন্ধু শেখ মুজিবুর রহমানের জন্মশতবার্ষিকী উদযাপন জাতীয় বাস্তবায়ন কমিটি,
|c ২০২২.
|
| 300 |
|
|
|a ৩৫৬ পৃষ্ঠা :
|b চিত্র ;
|c ২২ সে.মি.
|
| 500 |
|
|
|a প্রথম প্রকাশ
|
| 541 |
|
|
|a Complimentary copy from UGC
|e 39752
|
| 600 |
|
|
|a Mujibur Rahman,
|c Sheikh,
|d 1920-1975.
|9 51867
|
| 650 |
|
|
|a Bangladesh
|x Politics and government.
|9 51868
|
| 700 |
|
|
|a হাসিনা, শেখ
|9 51869
|
| 700 |
|
|
|a ইসলাম, রফিকুল
|9 51870
|
| 700 |
|
|
|a চৌধুরী, কামাল আবদুল নাসের
|9 51871
|
| 852 |
|
|
|a Ayesha Abed Library
|c Liberation War Corner
|
| 942 |
|
|
|2 ddc
|c BK
|
| 999 |
|
|
|c 44967
|d 44967
|
| 952 |
|
|
|0 0
|1 0
|2 ddc
|4 0
|6 954_920509200000000_MUJ
|7 0
|9 72090
|a BRACUL
|b BRACUL
|c BNC
|d 2022-10-17
|e Complimentary copy from UGC
|l 0
|o 954.9205092 MUJ
|p 3010039752
|r 2022-10-17
|t 1
|w 2022-10-17
|y BK
|